书目信息 |
| 题名: |
城市水资源的调查利用和预测
|
|
| 作者: | 曹型荣 著 | |
| 分册: | ||
| 出版信息: | 北京 中国环境科学出版社 1998.08 |
|
| 页数: | 142页 | |
| 开本: | 32开 | |
| 丛书名: | ||
| 单 册: | ||
| 中图分类: | ||
| 科图分类: | ||
| 主题词: | 水利调查 | |
| 电子资源: | ||
| ISBN: | 7-80135-516-4 | |
| 000 | 00599nam0 2200205 45 | |
| 001 | 9909081608 | |
| 005 | 19990908165631.2 | |
| 010 | @a7-80135-516-4@d9.80元 | |
| 100 | @a19990908d1998 km y0chiy0120 ea | |
| 101 | @achi | |
| 105 | @a z 000yy | |
| 200 | 1 | @a城市水资源的调查利用和预测@ACheng Shi Shui Zi Yuan De Diao Cha Li Yong He Yu Ce@f曹型荣 著@FCao Xing Rong Zhu |
| 210 | @a北京@c中国环境科学出版社@d1998.08 | |
| 215 | @a142页@d32开 | |
| 606 | 0 | @a水利调查 |
| 690 | @v3 | |
| 690 | @aTV211.1 | |
| 701 | @a曹型荣@4著 | |
| 801 | @aCN@bPFTUser@c19990908 | |
| 905 | @f3@b40218-220@dTV211.1@eC746 | |
| 城市水资源的调查利用和预测/曹型荣 著.-北京:中国环境科学出版社,1998.08 |
| 142页;32开 |
| ISBN 7-80135-516-4:9.80元 |
| ● |
| 相关链接 |
|
|
|
正题名:城市水资源的调查利用和预测
索取号:TV211.1/C746
 
预约/预借
| 序号 | 登录号 | 条形码 | 馆藏地/架位号 | 状态 | 备注 |
| 1 | 40218 | 200402180 | 自科库501/404自科库 9排5列5层/ [索取号:TV211.1/C746] | 在馆 | |
| 2 | 40219 | 200402199 | 自科库501/101建筑库 40排3列5层/ [索取号:TV211.1/C746] | 在馆 | |
| 3 | 40220 | 200402206 | 自科库501/404自科库 9排5列5层/ [索取号:TV211.1/C746] | 在馆 |